| 000 | 00812nmc a2200301 a 4500 | ||
|---|---|---|---|
| 003 | AR-BaBNM | ||
| 005 | 20251128203719.0 | ||
| 008 | 256019s1989 ||||||||||||||000 | spa|| | ||
| 020 | _a950-620-054-8 | ||
| 040 | _cAR-BaBNM | ||
| 100 | 1 | _aIbarra Grasso, Dick Edgar | |
| 245 | 1 | 0 | _aBreve historia de las razas de América |
| 260 |
_aBuenos Aires _bClaridad _c1989 |
||
| 300 | 0 | _a334 p. | |
| 490 | 0 | _aBreve historia | |
| 500 | 0 | _aContiene referencias bibliográficas en p. 323 | |
| 650 | 4 | _aHOMBRE PREHISTORICO | |
| 650 | 4 | _aETNOGRAFIA | |
| 650 | 4 | _aARQUEOLOGIA | |
| 650 | 4 | _aABORIGENES AMERICANOS | |
| 650 | 4 | _aPOBLACIONES ABORIGENES | |
| 650 | 4 | _aPREHISTORIA | |
| 650 | 4 | _aHISTORIA AMERICANA | |
| 651 | 4 | _aAmérica | |
| 800 | 1 |
_aTaboada, Gabriel _edirector |
|
| 942 | _cBK | ||
| 998 | _cMARTIN | ||
| 999 |
_c4598 _d4598 |
||